000 00403nam a22001337a 4500
005 20150130020007.0
008 140103b xxu||||| |||| 00| 0 eng d
050 _aBR65.A92
_bB53 2006
100 _aByassee, Jason
_96498
245 _aReading Augustine
_bA guide to the Confessions
_cByassee, Jason
260 _aEugene
_bCascade Books
_c2006
300 _aviii, 93p. ;
_c21cm.
942 _2lcc
_cMONOGRAPH
_02
999 _c119499
_d119499